Creatures of the Deep Sea #2 - Statistics

General Stats
  • This quiz has been taken 21 times
  • The average score is 6 of 16
Answer Stats
Picture Answer % Correct
Yeti crab
79%
Sea pig
71%
Tripod fish
71%
Barreleye
64%
Giant squid
64%
Blobfish
57%
Lanternfish
36%
Bigfin squid
29%
Stoplight loosejaw
29%
Telescope fish
29%
Chimaera
14%
Tube-eye fish
14%
Binocular fish
7%
Football fish
7%
Giant phantom jellyfish
7%
Helmet jellyfish
0%
No matching quizzes found
Score Distribution
Percent of People with Each Score
Percentile by Number Answered
Your Score History
You have not taken this quiz